00462nam a22001577a 450000500170000001000150001702000260003203500140005803700130007208200080008510000170009324500750011026000380018527000550022330000260027820180502121750.0 aENG-122850 a9789387164116c399.00 aEN-106382 bDBAD/PUB a881 aBond, Ruskin aI was the wind last night :cby Ruskin Bondbnew and collected poems / aNew Delhi bSpeaking Tiger c2017 a4381/4, Ansari Road, Daryaganj,bNew Delhie110002 a185p.c20cm(Hb)bill.